Detalles MARC
| 000 -CABECERA |
| campo de control de longitud fija |
01917nam a2200301 a 4500 |
| 001 - NÚMERO DE CONTROL |
| campo de control |
000038170 |
| 003 - IDENTIFICADOR DEL NÚMERO DE CONTROL |
| campo de control |
DO-SdBNP |
| 005 - FECHA Y HORA DE LA ÚLTIMA TRANSACCIÓN |
| campo de control |
20230220130625.0 |
| 007 - CAMPO FIJO DE DESCRIPCIÓN FÍSICA--INFORMACIÓN GENERAL |
| campo de control de longitud fija |
ta |
| 008 - DATOS DE LONGITUD FIJA--INFORMACIÓN GENERAL |
| campo de control de longitud fija |
130320s2005 dr r 000 0 spa d |
| 020 ## - NÚMERO INTERNACIONAL ESTÁNDAR DEL LIBRO |
| Número Internacional Estándar del Libro |
9993462160 |
| 040 ## - FUENTE DE LA CATALOGACIÓN |
| Centro catalogador/agencia de origen |
DO-SdBNP |
| Lengua de catalogación |
spa |
| Centro/agencia transcriptor |
BNPHU |
| 082 #4 - NÚMERO DE LA CLASIFICACIÓN DECIMAL DEWEY |
| Número de clasificación |
304.8097293 |
| Número de documento/Ítem |
S211m |
| Número de edición |
22 |
| 100 1# - ENTRADA PRINCIPAL--NOMBRE DE PERSONA |
| Nombre de persona |
Sánchez, Servio, |
| Fechas asociadas al nombre |
1962- |
| 9 (RLIN) |
64539 |
| 245 13 - MENCIÓN DE TÍTULO |
| Título |
La migración en República Dominicana : |
| Resto del título |
un enfoque psicosocial / |
| Mención de responsabilidad, etc. |
Servio Sánchez. |
| 260 ## - PUBLICACIÓN, DISTRIBUCIÓN, ETC. |
| Lugar de publicación, distribución, etc. |
Santo Domingo : |
| Nombre del editor, distribuidor, etc. |
Universitaria-UASD, |
| Fecha de publicación, distribución, etc. |
2005. |
| 300 ## - DESCRIPCIÓN FÍSICA |
| Extensión |
64, [2]. p. ; |
| Dimensiones |
21 cm. |
| 490 1# - MENCIÓN DE SERIE |
| Mención de serie |
Estudios sociales |
| Designación de volumen o secuencia |
17 |
| Mención de serie |
Publicaciones de la Universidad Autónoma de Santo Domingo |
| Designación de volumen o secuencia |
1239 |
| 500 ## - NOTA GENERAL |
| Nota general |
Incluye datos biográficos del autor en la solapa de la contracubierta |
| 504 ## - NOTA DE BIBLIOGRAFÍA, ETC. |
| Nota de bibliografía, etc. |
Bibliografía : p. 65-66 |
| 505 0# - NOTA DE CONTENIDO CON FORMATO |
| Nota de contenido con formato |
Agradecimientos -- |
| Título |
Presentación -- |
| -- |
Introducción -- |
| Información miscelánea |
Capítulo 1 |
| Título |
La migración en la República Dominicana, un enfoque psicosocial -- |
| Información miscelánea |
Capítulo 2 |
| Título |
Orígenes de la migración en la Republica Dominicana -- |
| Información miscelánea |
Capítulo 3 |
| Título |
Consecuencias de las devastaciones -- |
| Información miscelánea |
Capítulo 4 |
| Título |
Situación actual de la migración en la República Dominicana -- |
| Información miscelánea |
Capítulo 5 |
| Título |
El estado frente a la problemática migratoria en la República Dominicana -- |
| Información miscelánea |
Capítulo 6 |
| Título |
Migración y globalización -- |
| Información miscelánea |
Capítulo 7 |
| Título |
Migración, globalización y las organizaciones -- |
| Información miscelánea |
Capítulo 8 |
| Título |
Resúmenes de leyes dominicana sobre migración -- |
| -- |
Conclusión |
| -- |
Recomendaciones |
| -- |
Árbol de representación (A.R.E.) sobre migración |
| -- |
Mapa conceptual sobre migración. |
| 590 ## - NOTA LOCAL (RLIN) |
| Nota local |
Inventariado, 2018/VM |
| 650 #4 - PUNTO DE ACCESO ADICIONAL DE MATERIA--TÉRMINO DE MATERIA |
| Término de materia o nombre geográfico como elemento de entrada |
Migración interna |
| Subdivisión geográfica |
República Dominicana |
| Subdivisión general |
Aspectos psicológicos |
| 9 (RLIN) |
64540 |
| 650 #4 - PUNTO DE ACCESO ADICIONAL DE MATERIA--TÉRMINO DE MATERIA |
| Término de materia o nombre geográfico como elemento de entrada |
Migración interna |
| Subdivisión geográfica |
República Dominicana |
| Subdivisión general |
Aspectos sociales |
| 9 (RLIN) |
64541 |
| 830 #0 - PUNTO DE ACCESO ADICIONAL DE SERIE-TÍTULO UNIFORME |
| Título uniforme |
Estudios sociales |
| Número de parte o sección de la obra |
17 |
| Nombre de parte o sección de la obra |
Publicaciones de la Universidad Autónoma de Santo Domingo |
| Número de parte o sección de la obra |
1239 |
| 9 (RLIN) |
64542 |
| 910 ## - DATOS DE OPCIÓN DEL USUARIO (OCLC) |
| Datos de opción del usuario |
Validado. Control de calidad. MFF |
| 942 ## - ELEMENTOS DE PUNTO DE ACCESO ADICIONAL (KOHA) |
| Fuente del sistema de clasificación o colocación |
Dewey Decimal Classification |
| Tipo de ítem Koha |
Libro |